City and country/ (Record no. 11406)

MARC details
000 -LEADER
fixed length control field 00571nam a22002177a 4500
005 - DATE AND TIME OF LATEST TRANSACTION
control field 20220927141641.0
008 - FIXED-LENGTH DATA ELEMENTS--GENERAL INFORMATION
fixed length control field 220927b ||||| |||| 00| 0 eng d
020 ## - INTERNATIONAL STANDARD BOOK NUMBER
International Standard Book Number 9789382267706
040 ## - CATALOGING SOURCE
Original cataloging agency IN-DiNC
Transcribing agency IN-DiNC
041 ## - LANGUAGE CODE
Language code of sung or spoken text English
082 ## - DEWEY DECIMAL CLASSIFICATION NUMBER
Classification number 821
Item number JOH
100 ## - MAIN ENTRY--PERSONAL NAME
Personal name Johnson
Relator term Author
245 ## - TITLE STATEMENT
Title City and country/
Statement of responsibility, etc. by Johnson and Gray
250 ## - EDITION STATEMENT
Edition statement 2nd rev. ed.
260 ## - PUBLICATION, DISTRIBUTION, ETC.
Place of publication, distribution, etc. Delhi:
Name of publisher, distributor, etc. Worldview publications,
Date of publication, distribution, etc. 2021.
300 ## - PHYSICAL DESCRIPTION
Extent xx, 171p.
650 ## - SUBJECT ADDED ENTRY--TOPICAL TERM
Topical term or geographic name entry element English poetry
700 ## - ADDED ENTRY--PERSONAL NAME
Personal name Gray
Relator term Author
700 ## - ADDED ENTRY--PERSONAL NAME
Personal name Raghunathan, Harriet
Relator term Editor
942 ## - ADDED ENTRY ELEMENTS (KOHA)
Source of classification or shelving scheme Dewey Decimal Classification
Koha item type Books
Holdings
Withdrawn status Lost status Source of classification or shelving scheme Damaged status Not for loan Collection code Home library Current library Shelving location Date acquired Cost, normal purchase price Full call number Barcode Date last seen Copy number Price effective from Koha item type
    Dewey Decimal Classification     English Central Library, Naharkatiya College Central Library, Naharkatiya College General Stacks 27/09/2022 180.00 821 JOH 28997 27/09/2022 1 27/09/2022 Books
    Dewey Decimal Classification     English Central Library, Naharkatiya College Central Library, Naharkatiya College General Stacks 27/09/2022 180.00 821 JOH 28998 27/09/2022 2 27/09/2022 Books

Naharkatiya College © 2020. All rights reserved.

Powered By